Form of agreement for inspection and certification of domestic structures (Record no. 88208)
[ view plain ]
| 000 -LEADER | |
|---|---|
| fixed length control field | 00784cam a2200229 4500 |
| 001 - CONTROL NUMBER | |
| control field | ##D15406 |
| 008 - FIXED-LENGTH DATA ELEMENTS--GENERAL INFORMATION | |
| fixed length control field | 090401t1984 xxu||||| |||| 00| 0 eng d |
| 035 ## - SYSTEM CONTROL NUMBER | |
| System control number | (Sirsi) u22561 |
| 041 0# - LANGUAGE CODE | |
| Language code of text/sound track or separate title | eng |
| 050 ## - LIBRARY OF CONGRESS CALL NUMBER | |
| Classification number | 690.2 $2 18 |
| 110 2# - MAIN ENTRY--CORPORATE NAME | |
| Corporate name or jurisdiction name as entry element | Royal Institution of Chartered Surveyors |
| 9 (RLIN) | 4900 |
| 245 00 - TITLE STATEMENT | |
| Title | Form of agreement for inspection and certification of domestic structures |
| 260 ## - PUBLICATION, DISTRIBUTION, ETC. | |
| Place of publication, distribution, etc. | London |
| Name of publisher, distributor, etc. | Surveyors' Publications |
| Date of publication, distribution, etc. | 1984 |
| 300 ## - PHYSICAL DESCRIPTION | |
| Extent | 4p. |
| Dimensions | 30cm |
| 350 ## - PRICE (NR) (BK AM CF MU VM SE) [OBSOLETE] | |
| Price | 0 |
| 490 #0 - SERIES STATEMENT | |
| Series statement | RICS Stationery |
| 520 ## - SUMMARY, ETC. | |
| Summary, etc. | Superseded by 1987 reprint (B903). Accompanied by "Guidance notes for the inspection and certification of domestic structures" (D15449). |
| 651 #4 - SUBJECT ADDED ENTRY--GEOGRAPHIC NAME | |
| Geographic name | England and Wales |
| Chronological subdivision | 1543- |
| 690 ## - LOCAL SUBJECT ADDED ENTRY--TOPICAL TERM (OCLC, RLIN) | |
| Topical term or geographic name as entry element | BUILT ENVIRONMENT-BUILDING INSPECTION |
| 942 ## - ADDED ENTRY ELEMENTS (KOHA) | |
| Suppress in OPAC | 0 |
| 948 ## - LOCAL PROCESSING INFORMATION (OCLC); SERIES PART DESIGNATOR (RLIN) | |
| c (OCLC) | 04/03/1997 |
| Withdrawn status | Lost status | Source of classification or shelving scheme | Damaged status | Not for loan | Home library | Current library | Shelving location | Date acquired | Total Checkouts | Full call number | Barcode | Date last seen | Copy number | Price effective from | Koha item type | Date last checked out |
|---|---|---|---|---|---|---|---|---|---|---|---|---|---|---|---|---|
| Dewey Decimal Classification | Historic collection | Historic collection | RICS Boxes | 09/12/1999 | RICS 1985/18 | 30024944 | 06/08/2019 | 1 | 06/08/2019 | Archive | ||||||
| Dewey Decimal Classification | London | London | RICS Boxes | 13/08/1991 | RICS 1985/18 | 30017374 | 06/08/2019 | 1 | 06/08/2019 | Reference material | ||||||
| Dewey Decimal Classification | London | London | RICS Boxes | 09/12/1999 | 7 | RICS 1985/18 | 30017375 | 06/08/2019 | 3 | 06/08/2019 | Book | 24/10/2006 | ||||
| Dewey Decimal Classification | London | London | RICS Boxes | 09/12/1999 | 6 | RICS 1985/18 | 30017163 | 06/08/2019 | 4 | 06/08/2019 | Book | 14/08/2006 | ||||
| Dewey Decimal Classification | London | London | RICS Boxes | 04/02/2005 | 2 | RICS 1985/18 | 30069803 | 06/08/2019 | 5 | 06/08/2019 | Book | 20/07/2005 |